02666cam a22003254a 4500020001500000020001800015041001200033082001300045245005700058260006200115300001300177490001700190500035900207500001600566505141400582650003701996650003702033650002102070650002102091650001702112650001702129650001202146650001202158650001202170650001002182700002102192942000702213952010302220999001702323 a3905676443 a9783905676440 aEnglish a613bWUL00aAncestors, spirits, and healing in Africa and Asia : aGeneva, Switzerland :bLutheran World Federation,cc2005. a183 p. ;1 aLWF studies, aPapers from two Lutheran World Federation study seminars: "In Dialogue with Indigenous Peoples in Asia on Ancestors, Spirits and Healing," Sept. 15-19, 2004, Sabah Theological Seminary, Kota Kinabalu, Malaysia; and, "Ancestors, Spirits and Healing in African Religion : Challenges to the Lutheran Ministry," Sept. 27-30, 2004, Johannesburg, South Africa. a"May 2005."0 aAncestors and healing in African religion : a South African context / Nokuzola Mndende -- Healing from the traumas of crime in South Africa : interaction of African religion with Christianity as perceived by African female traditional healers / Isabel Apawo Phiri -- The nature spirits in African culture : a Nigerian perspective / Asriel S.T. Myatafadi -- Ancestors and spirits in tribal spirituality in northeast India / Limatula Longkumer -- Healing in Asian indigenous spiritualities : the Rungus of Borneo / Marunsai Bin Dawai -- Blood sacrifice in peninsular Malaysian folk Hinduism and the doctrine of justification / Solomon Rajah -- Christ and the ancestors in African Christian theology / Sylvester B. Kahakwa -- Freedom from fear : coping with the ancestors' wrath and the fear of avenging spirits / Reinhard Veller -- The challenges of the healing ministry : the Lutheran Church in Nigeria / Pukumah H. Yakubu -- Spirits : the biblical view / Monica J. Melanchthon -- The inclusiveness and exclusiveness of the gospel of Christ in the light of the many Asian spiritualities : a Lutheran perspective / Wilfred J. Samuel -- In dialogue with indigenous peoples in Asia on ancestors, spirits and healing : a study document to be discussed and complemented -- Ancestors, spirits and healing in African religion : challenges to the Lutheran ministry : a study document to be discussed and complemented. 0aChristianity and other religions 0aChristianity and other religions 0aAncestor worship 0aAncestor worship 0aSpiritualism 0aSpiritualism 0aHealing 0aHealing 7aPlastik 7aKunst1 aWulfhorst, Ingo. cBK 00104070aHMIbHMIcGENd2018-08-07l1o291 WULp11-1837r2023-07-12s2023-07-05w2026-01-16yBK c21308d21308